[Event "Budapest-chT1 Lilienthal 1718"]
[Site "Budapest"]
[Date "2017.10.01"]
[Round "1"]
[White "Meszaros, Geza"]
[Black "Novaky, Csaba"]
[Result "0-1"]
[WhiteElo "1897"]
[BlackElo "2101"]
[PlyCount "56"]
[EventDate "2017.10.01"]
[EventType "team-tourn"]
[EventRounds "13"]
[EventCountry "HUN"]
[SourceTitle "EXT 2021"]
[Source "ChessBase"]
[SourceDate "2020.10.23"]
[SourceVersion "1"]
[SourceVersionDate "2020.10.23"]
[SourceQuality "1"]
[WhiteTeam "Csepel"]
[BlackTeam "Budapest EAC II"]
[WhiteTeamCountry "HUN"]
[BlackTeamCountry "HUN"]

1. e4 e5 2. Nf3 Nc6 3. Bb5 a6 4. Ba4 Nf6 5. 0-0 b5 6. Bb3 Be7 7. Re1 d6 8. h3 0-0 9. c3 Na5 10. Bc2 c5 11. d4 Qc7 12. Nbd2 cxd4 13. cxd4 Bd7 14. Nf1 Rac8 15. Ne3 Nc6 16. d5 Nb4 17. Bb1 a5 18. Bd2 Na6 19. a3 a4 20. b4 axb3 21. Qxb3 Nc5 22. Qb4 Ra8 23. Nf5 Bxf5 24. exf5 Rfb8 25. Be3 Nxd5 26. Qd2 Nxe3 27. Rxe3 b4 28. f6 Bxf6 0-1

[Event "HUN-chT2 Erkel 1718"]
[Site "Hungary"]
[Date "2017.09.24"]
[Round "1.9"]
[White "Novaky, Csaba"]
[Black "Palla, Akos Botond"]
[Result "1-0"]
[WhiteElo "2101"]
[BlackElo "2023"]
[PlyCount "93"]
[EventDate "2017.09.24"]
[EventType "team-tourn"]
[EventRounds "11"]
[EventCountry "HUN"]
[SourceTitle "EXT 2021"]
[Source "ChessBase"]
[SourceDate "2020.10.23"]
[SourceVersion "1"]
[SourceVersionDate "2020.10.23"]
[SourceQuality "1"]
[WhiteTeam "Budapest EAC"]
[BlackTeam "Sarkany DSE"]
[WhiteTeamCountry "HUN"]
[BlackTeamCountry "HUN"]

1. e4 c5 2. Nf3 d6 3. b3 Nf6 4. e5 dxe5 5. Nxe5 Qc7 6. Bb5+ Nbd7 7. Bb2 e6 8. Na3 a6 9. Nxd7 Bxd7 10. Bxd7+ Qxd7 11. Nc4 Qd5 12. 0-0 Rd8 13. d3 Be7 14. a4 0-0 15. a5 Qf5 16. Re1 Nd5 17. Re5 Qg6 18. Re4 Bf6 19. Rg4 Qf5 20. Bxf6 Qxf6 21. Ne3 Nc3 22. Qe1 Ne2+ 23. Kf1 Nd4 24. Ra4 Qe5 25. Rh4 f5 26. f4 Qd6 27. Qf2 Nc6 28. Nc4 Qd4 29. Qxd4 Rxd4 30. Ke2 g5 31. Rh6 Rxf4 32. c3 Re8 33. g3 Rg4 34. Ra1 Kg7 35. Rh3 e5 36. Nd6 Rf8 37. Nxb7 e4 38. Nxc5 exd3+ 39. Kxd3 Rd8+ 40. Kc2 Rd6 41. b4 h6 42. Rd1 Rf6 43. Nxa6 Nxa5 44. Nc7 Rc6 45. Rd7+ Kg6 46. bxa5 Rgc4 47. Nd5 1-0

[Event "HUN-chT2 Erkel 1516"]
[Site "Hungary"]
[Date "2015.10.04"]
[Round "2.6"]
[White "Vamosi, Laszlo Jr"]
[Black "Novaky, Csaba"]
[Result "1/2-1/2"]
[WhiteElo "1944"]
[BlackElo "2067"]
[PlyCount "25"]
[EventDate "2015.09.13"]
[EventType "team-tourn"]
[EventRounds "11"]
[EventCountry "HUN"]
[SourceTitle "CBM 170 Extra"]
[Source "ChessBase"]
[SourceDate "2016.02.25"]
[SourceVersion "1"]
[SourceVersionDate "2016.02.25"]
[SourceQuality "1"]
[WhiteTeam "Andornaktalya"]
[BlackTeam "Barcza BEAC"]
[WhiteTeamCountry "HUN"]
[BlackTeamCountry "HUN"]

1. c4 e5 2. Nc3 Nf6 3. g3 Nc6 4. Bg2 Bb4 5. a3 Bxc3 6. bxc3 0-0 7. Nf3 d6 8. Rb1 Rb8 9. Qc2 Bg4 10. h3 Bh5 11. Nh4 Nd7 12. Qf5 Bg6 13. Nxg6 1/2-1/2

[Event "HUN-chT2 Erkel 1415"]
[Site "Hungary"]
[Date "2015.04.26"]
[Round "9.9"]
[White "Farkas, Istvan"]
[Black "Novaky, Csaba"]
[Result "1-0"]
[WhiteElo "1919"]
[BlackElo "2103"]
[PlyCount "66"]
[EventDate "2014.09.28"]
[EventType "team-tourn"]
[EventRounds "9"]
[EventCountry "HUN"]
[SourceTitle "EXT 2016"]
[Source "ChessBase"]
[SourceDate "2015.10.08"]
[SourceVersion "1"]
[SourceVersionDate "2015.10.08"]
[SourceQuality "1"]
[WhiteTeam "Jaszbereny"]
[BlackTeam "BEAC"]
[WhiteTeamCountry "HUN"]
[BlackTeamCountry "HUN"]

1. e4 e5 2. Nf3 Nc6 3. Bb5 a6 4. Ba4 Nf6 5. d3 b5 6. Bb3 Be7 7. 0-0 d6 8. c3 0-0 9. Re1 Na5 10. Bc2 c5 11. a4 b4 12. d4 Qc7 13. d5 Rb8 14. Nbd2 bxc3 15. bxc3 Nd7 16. c4 f5 17. exf5 Nb6 18. g4 Nbxc4 19. Nxc4 Nxc4 20. Qd3 e4 21. Qxe4 Bf6 22. Rb1 Rxb1 23. Bxb1 Ne5 24. Nxe5 Bxe5 25. Bf4 Re8 26. Qc4 Qa5 27. Re4 Bd7 28. Bxe5 Rxe5 29. Rxe5 dxe5 30. d6+ Kf8 31. Ba2 Qe1+ 32. Kg2 Bc6+ 33. Kh3 Qf1+ 1-0

[Event "HUN-chT2 Erkel 1415"]
[Site "Hungary"]
[Date "2014.12.14"]
[Round "6.6"]
[White "Kulcsar, Tamas"]
[Black "Novaky, Csaba"]
[Result "0-1"]
[WhiteElo "2062"]
[BlackElo "2103"]
[PlyCount "48"]
[EventDate "2014.09.28"]
[EventType "team-tourn"]
[EventRounds "9"]
[EventCountry "HUN"]
[SourceTitle "EXT 2016"]
[Source "ChessBase"]
[SourceDate "2015.10.08"]
[SourceVersion "1"]
[SourceVersionDate "2015.10.08"]
[SourceQuality "1"]
[WhiteTeam "Vizugy"]
[BlackTeam "BEAC"]
[WhiteTeamCountry "HUN"]
[BlackTeamCountry "HUN"]

1. d4 Nf6 2. c4 e5 3. dxe5 Ng4 4. e4 Nxe5 5. f4 Nec6 6. Nf3 Bc5 7. Nc3 a5 8. a3 d6 9. Qd3 Na6 10. Be3 Nab4 11. axb4 Nxb4 12. Qd1 Bxe3 13. g3 0-0 14. Nd5 Nxd5 15. Qxd5 c6 16. Qd3 Qb6 17. Rb1 Re8 18. h3 Bf2+ 19. Kd1 f5 20. Ng5 fxe4 21. Nxe4 Bf5 22. Nf6+ gxf6 23. Qxf5 Qb3+ 24. Qc2 Re1+ 0-1

[Event "HUN-chT2 Erkel 1415"]
[Site "Hungary"]
[Date "2014.11.16"]
[Round "2.6"]
[White "Szatmary, Revay Istvan"]
[Black "Novaky, Csaba"]
[Result "1-0"]
[WhiteElo "1995"]
[BlackElo "2103"]
[PlyCount "151"]
[EventDate "2014.09.28"]
[EventType "team-tourn"]
[EventRounds "9"]
[EventCountry "HUN"]
[SourceTitle "EXT 2016"]
[Source "ChessBase"]
[SourceDate "2015.10.08"]
[SourceVersion "1"]
[SourceVersionDate "2015.10.08"]
[SourceQuality "1"]
[WhiteTeam "Matra"]
[BlackTeam "BEAC"]
[WhiteTeamCountry "HUN"]
[BlackTeamCountry "HUN"]

1. d4 Nf6 2. c4 e5 3. Nc3 exd4 4. Qxd4 Nc6 5. Qd1 Bb4 6. Bd2 0-0 7. a3 Bxc3 8. Bxc3 Ne4 9. Qc2 Re8 10. e3 d6 11. Nf3 Bf5 12. Bd3 Bg6 13. 0-0 Nxc3 14. Bxg6 hxg6 15. Qxc3 a5 16. Rad1 Qe7 17. Rd5 b6 18. b3 Nb8 19. Rfd1 Nd7 20. Qc2 Nf6 21. R5d4 Ne4 22. Qd3 f5 23. Nd2 Nc5 24. Qb1 Qf6 25. g3 Re7 26. a4 Rae8 27. Qc2 Kf7 28. Nf3 Ne4 29. Nd2 Ng5 30. h4 Ne6 31. Rd5 Nc5 32. Nf3 Ne4 33. Nd2 Nc3 34. Nf3 Nxd1 35. Qxd1 Kg8 36. Qd3 Re4 37. Ng5 R4e5 38. Rd4 R5e7 39. Rf4 Qe5 40. Rd4 Qf6 41. Rf4 Qe5 42. Rd4 Rd7 43. g4 Rf8 44. Rf4 Rdd8 45. h5 fxg4 46. Qxg6 Rxf4 47. exf4 Qf6 48. Qh7+ Kf8 49. Qe4 Qe7 50. Ne6+ Ke8 51. Qg6+ Kd7 52. Nxd8 Kxd8 53. Qxg4 Qe1+ 54. Kg2 Qe4+ 55. Kh2 Qd4 56. Qg3 Kc8 57. Qe3 Qd1 58. Qh3+ Kb8 59. Kg2 Qd4 60. Qe3 Qf6 61. Kg3 Kb7 62. Kg4 c6 63. f5 d5 64. cxd5 cxd5 65. f4 Qa1 66. h6 gxh6 67. Qe7+ Ka6 68. f6 Qd1+ 69. Kf5 Qd3+ 70. Ke6 d4 71. f7 Qe4+ 72. Kd7 Qf5+ 73. Qe6 Qxf4 74. Qc4+ Kb7 75. Qc8+ Ka7 76. Qc7+ 1-0

[Event "Budapest-chT1 Lilienthal 1314"]
[Site "Budapest"]
[Date "2014.03.09"]
[Round "9"]
[White "Novaky, Csaba"]
[Black "Radnai, Tamas"]
[Result "1-0"]
[WhiteElo "2070"]
[BlackElo "2014"]
[PlyCount "57"]
[EventDate "2013.09.29"]
[EventType "team-tourn"]
[EventRounds "11"]
[EventCountry "HUN"]
[SourceTitle "EXT 2021"]
[Source "ChessBase"]
[SourceDate "2020.10.23"]
[SourceVersion "1"]
[SourceVersionDate "2020.10.23"]
[SourceQuality "1"]
[WhiteTeam "Budapest EAC III"]
[BlackTeam "Csepel"]
[WhiteTeamCountry "HUN"]
[BlackTeamCountry "HUN"]

1. e4 e6 2. e5 d5 3. exd6 cxd6 4. d4 d5 5. Nf3 Nf6 6. Bd3 Bd6 7. 0-0 0-0 8. Bg5 Nc6 9. c3 b6 10. Re1 Re8 11. Ne5 Bb7 12. Qf3 Be7 13. Qh3 Nxe5 14. dxe5 Ne4 15. Bxe7 Qxe7 16. Nd2 f5 17. exf6 Nxf6 18. Re5 Qd6 19. f4 d4 20. c4 Qb4 21. Nb3 Kh8 22. Rae1 Rad8 23. R1e2 Ba6 24. Bxh7 Nxh7 25. Rh5 Qxc4 26. Rxh7+ Kg8 27. Qh5 Kf8 28. Qg6 Rd7 29. Rh8+ 1-0

[Event "Budapest-chT1 Lilienthal 1314"]
[Site "Budapest"]
[Date "2014.02.09"]
[Round "7"]
[White "Laza, Szabolcs"]
[Black "Novaky, Csaba"]
[Result "0-1"]
[WhiteElo "2036"]
[BlackElo "2070"]
[PlyCount "46"]
[EventDate "2013.09.29"]
[EventType "team-tourn"]
[EventRounds "11"]
[EventCountry "HUN"]
[SourceTitle "EXT 2021"]
[Source "ChessBase"]
[SourceDate "2020.10.23"]
[SourceVersion "1"]
[SourceVersionDate "2020.10.23"]
[SourceQuality "1"]
[WhiteTeam "Rakosliget"]
[BlackTeam "Budapest EAC III"]
[WhiteTeamCountry "HUN"]
[BlackTeamCountry "HUN"]

1. d4 Nf6 2. c4 e5 3. dxe5 Ng4 4. e6 Bb4+ 5. Nd2 dxe6 6. Ngf3 0-0 7. e3 Nc6 8. Qc2 e5 9. a3 Be7 10. h3 Nh6 11. b4 Bf6 12. Bb2 Re8 13. Ne4 Bf5 14. g4 Bxe4 15. Qxe4 g6 16. b5 Nd4 17. Nxd4 exd4 18. Qf4 dxe3 19. Rd1 exf2+ 20. Kxf2 Bh4+ 21. Kg1 Qxd1 22. Qxh6 Bf2+ 23. Kg2 Bd4 0-1

[Event "Berekfurdo tt"]
[Site "Berekfurdo"]
[Date "2013.10.06"]
[Round "7.2"]
[White "Novaky, Csaba"]
[Black "Puzko, Danila"]
[Result "1/2-1/2"]
[WhiteElo "2069"]
[BlackElo "2084"]
[PlyCount "52"]
[EventDate "2013.10.03"]
[EventType "team-tourn"]
[EventRounds "7"]
[EventCountry "HUN"]
[SourceTitle "CBM 156 Extra"]
[Source "ChessBase"]
[SourceDate "2013.10.22"]
[SourceVersion "1"]
[SourceVersionDate "2013.10.22"]
[SourceQuality "1"]
[WhiteTeam "Barcza Gedeon"]
[BlackTeam "St Petersburg"]
[WhiteTeamCountry "HUN"]
[BlackTeamCountry "RUS"]

1. e4 c5 2. Nf3 e6 3. d4 cxd4 4. Nxd4 Nc6 5. Nc3 Qc7 6. Be3 a6 7. Be2 Nf6 8. 0-0 Bb4 9. Bd3 Bxc3 10. bxc3 d5 11. exd5 Nxd5 12. Qg4 0-0 13. Qh4 f5 14. Bd2 e5 15. Nxc6 Qxc6 16. Qc4 Bd7 17. Rfe1 e4 18. Qxc6 Bxc6 19. Bc4 Kh8 20. Bxd5 Bxd5 21. Be3 Rac8 22. Bd4 Rfe8 23. a3 Re6 24. Rad1 Bc6 25. f4 Kg8 26. Re3 Kf7 1/2-1/2

[Event "Berekfurdo tt"]
[Site "Berekfurdo"]
[Date "2013.10.05"]
[Round "5.2"]
[White "Novaky, Csaba"]
[Black "Adamciak, Tomas"]
[Result "0-1"]
[WhiteElo "2069"]
[BlackElo "1844"]
[PlyCount "104"]
[EventDate "2013.10.03"]
[EventType "team-tourn"]
[EventRounds "7"]
[EventCountry "HUN"]
[SourceTitle "CBM 156 Extra"]
[Source "ChessBase"]
[SourceDate "2013.10.22"]
[SourceVersion "1"]
[SourceVersionDate "2013.10.22"]
[SourceQuality "1"]
[WhiteTeam "Barcza Gedeon"]
[BlackTeam "Liptov Chess School"]
[WhiteTeamCountry "HUN"]
[BlackTeamCountry "SVK"]

1. e4 c5 2. Nf3 e6 3. d4 cxd4 4. Nxd4 Nc6 5. Nc3 Qc7 6. Be3 Nf6 7. Be2 Be7 8. 0-0 0-0 9. f4 d6 10. Qd2 Bd7 11. Ndb5 Qb8 12. Rad1 Ne8 13. e5 d5 14. Bd3 f6 15. exf6 Nxf6 16. Kh1 a6 17. Nd4 Qc7 18. Rde1 Rae8 19. Nce2 Bd6 20. c3 e5 21. Nxc6 Bxc6 22. fxe5 Bxe5 23. Bf4 Ne4 24. Qe3 Bxf4 25. Rxf4 Rxf4 26. Nxf4 Nc5 27. Bxh7+ Kxh7 28. Qh3+ Kg8 29. Rxe8+ Bxe8 30. Nxd5 Qf7 31. Qe3 Ne4 32. Nf4 Bc6 33. h4 Qxa2 34. Qb6 Qb1+ 35. Kh2 Qe1 36. Qd8+ Kh7 37. Ne6 Qg3+ 38. Kg1 Qf2+ 39. Kh2 Nf6 40. Qd3+ Kh6 41. Qh3 Bd7 42. h5 Qe2 43. Qf5 Qxh5+ 44. Qxh5+ Nxh5 45. Nc5 Bc6 46. b4 Nf4 47. c4 Nxg2 48. b5 axb5 49. cxb5 Bd5 50. Na4 Ne3 51. Nc3 Bc4 52. Kg3 Nd5 0-1

[Event "HUN-chT2 Charousek 1314"]
[Site "Hungary"]
[Date "2013.09.22"]
[Round "2"]
[White "Gyarmati, Janos"]
[Black "Novaky, Csaba"]
[Result "1/2-1/2"]
[WhiteElo "2030"]
[BlackElo "2070"]
[PlyCount "35"]
[EventDate "2013.09.08"]
[EventType "team-tourn"]
[EventRounds "11"]
[EventCountry "HUN"]
[SourceTitle "EXT 2016"]
[Source "ChessBase"]
[SourceDate "2015.10.08"]
[SourceVersion "1"]
[SourceVersionDate "2015.10.08"]
[SourceQuality "1"]
[WhiteTeam "Tapolca"]
[BlackTeam "Budapest EAC"]
[WhiteTeamCountry "HUN"]
[BlackTeamCountry "HUN"]

1. e4 e5 2. Nf3 Nc6 3. d4 exd4 4. Nxd4 Bc5 5. Nxc6 Qf6 6. Qd2 dxc6 7. Bd3 Ne7 8. 0-0 0-0 9. Qf4 Qxf4 10. Bxf4 Bd6 11. Bxd6 cxd6 12. Nd2 d5 13. Rfe1 Be6 14. Nb3 dxe4 15. Bxe4 Bxb3 16. axb3 Rfe8 17. Kf1 Kf8 18. Rad1 1/2-1/2

[Event "Budapest-chT1 Lilienthal 1213"]
[Site "Budapest"]
[Date "2013.05.05"]
[Round "11"]
[White "Fazekas, Peter"]
[Black "Novaky, Csaba"]
[Result "0-1"]
[WhiteElo "1914"]
[BlackElo "2088"]
[PlyCount "54"]
[EventDate "2012.09.30"]
[EventType "team-tourn"]
[EventRounds "11"]
[EventCountry "HUN"]
[SourceTitle "EXT 2019"]
[Source "ChessBase"]
[SourceDate "2018.10.10"]
[SourceVersion "1"]
[SourceVersionDate "2018.10.10"]
[SourceQuality "1"]
[WhiteTeam "Budapest SENSE"]
[BlackTeam "Budapest EAC"]
[WhiteTeamCountry "HUN"]
[BlackTeamCountry "HUN"]

1. e4 e5 2. Nf3 Nc6 3. Bc4 Bc5 4. c3 Nf6 5. d4 exd4 6. cxd4 Bb4+ 7. Nc3 Nxe4 8. 0-0 Bxc3 9. d5 Bf6 10. Re1 Ne7 11. Rxe4 d6 12. Bg5 Bxg5 13. Nxg5 h6 14. Qe2 hxg5 15. Re1 Be6 16. dxe6 f6 17. Re3 c6 18. Bd3 Qc7 19. Rh3 0-0-0 20. Rxh8 Rxh8 21. b4 d5 22. g3 Qd6 23. b5 c5 24. Rc1 Kb8 25. Qe3 Rc8 26. a4 c4 27. Bf1 Qe5 0-1

[Event "HUN-chT2 Erkel 1213"]
[Site "Hungary"]
[Date "2013.04.21"]
[Round "11.8"]
[White "Lengyel, Laszlo"]
[Black "Novaky, Csaba"]
[Result "1/2-1/2"]
[WhiteElo "2065"]
[BlackElo "2088"]
[PlyCount "23"]
[EventDate "2012.09.16"]
[EventType "team-tourn"]
[EventRounds "11"]
[EventCountry "HUN"]
[SourceTitle "EXT 2014"]
[Source "ChessBase"]
[SourceDate "2013.11.20"]
[SourceVersion "1"]
[SourceVersionDate "2013.11.20"]
[SourceQuality "1"]
[WhiteTeam "Paszto"]
[BlackTeam "BEAC II"]
[WhiteTeamCountry "HUN"]
[BlackTeamCountry "HUN"]

1. c4 Nf6 2. Nf3 e6 3. a3 d5 4. e3 Bd6 5. d4 c6 6. Nc3 0-0 7. h3 Nbd7 8. Be2 b6 9. b3 Bb7 10. cxd5 Nxd5 11. Nxd5 cxd5 12. 0-0 1/2-1/2

[Event "HUN-chT2 Erkel 1213"]
[Site "Hungary"]
[Date "2013.04.07"]
[Round "10.11"]
[White "Acs, Tamas"]
[Black "Novaky, Csaba"]
[Result "0-1"]
[WhiteElo "1822"]
[BlackElo "2088"]
[PlyCount "112"]
[EventDate "2012.09.16"]
[EventType "team-tourn"]
[EventRounds "11"]
[EventCountry "HUN"]
[SourceTitle "EXT 2014"]
[Source "ChessBase"]
[SourceDate "2013.11.20"]
[SourceVersion "1"]
[SourceVersionDate "2013.11.20"]
[SourceQuality "1"]
[WhiteTeam "Nagykata"]
[BlackTeam "BEAC II"]
[WhiteTeamCountry "HUN"]
[BlackTeamCountry "HUN"]

1. e4 e5 2. Nf3 Nc6 3. Bc4 Bc5 4. 0-0 Nf6 5. d3 0-0 6. c3 d6 7. Be3 Bb6 8. Nbd2 Be6 9. Qc2 d5 10. exd5 Nxd5 11. Rfe1 f6 12. Rad1 Qe7 13. d4 Rad8 14. dxe5 Bxe3 15. fxe3 Nxe5 16. Nxe5 fxe5 17. Qb3 c6 18. e4 Nf4 19. Bxe6+ Nxe6 20. Nf3 Kh8 21. Kh1 Nf4 22. Qc2 h6 23. Rxd8 Rxd8 24. Rd1 Rd6 25. Rxd6 Qxd6 26. Qd2 Qxd2 27. Nxd2 Nd3 28. Nc4 b5 29. Na5 c5 30. Nc6 a6 31. Kg1 Nxb2 32. Nxe5 c4 33. Ng6+ Kh7 34. Nf4 Na4 35. Nd5 Nc5 36. Kf2 Nxe4+ 37. Ke3 Nc5 38. Kd4 Nd3 39. Nc7 Nc1 40. Ke3 Nxa2 41. Kd2 b4 42. cxb4 Nxb4 43. Kc3 a5 44. Kxc4 Kg6 45. Ne6 Nc2 46. Kb5 Ne3 47. Nf4+ Kf5 48. Nh5 g5 49. Ng3+ Kg4 50. Kc5 Nxg2 51. Kd4 Ne1 52. Ke3 a4 53. Ne2 a3 54. Nc3 Kh3 55. Ke4 Kxh2 56. Kf5 Nd3 0-1

[Event "Budapest-chT1 Lilienthal 1213"]
[Site "Budapest"]
[Date "2013.02.24"]
[Round "8"]
[White "Nadasi, Balazs"]
[Black "Novaky, Csaba"]
[Result "1-0"]
[WhiteElo "2161"]
[BlackElo "2088"]
[PlyCount "129"]
[EventDate "2012.09.30"]
[EventType "team-tourn"]
[EventRounds "11"]
[EventCountry "HUN"]
[SourceTitle "EXT 2019"]
[Source "ChessBase"]
[SourceDate "2018.10.10"]
[SourceVersion "1"]
[SourceVersionDate "2018.10.10"]
[SourceQuality "1"]
[WhiteTeam "Sarkany II"]
[BlackTeam "Budapest EAC"]
[WhiteTeamCountry "HUN"]
[BlackTeamCountry "HUN"]

1. e4 e5 2. Nf3 Nc6 3. Nc3 Nf6 4. Bb5 Bb4 5. 0-0 0-0 6. d3 d6 7. Bg5 Be6 8. Nd5 Bxd5 9. exd5 Nb8 10. d4 e4 11. a3 Ba5 12. Nd2 Bxd2 13. Qxd2 c6 14. Ba4 h6 15. Bxf6 Qxf6 16. f3 exf3 17. Rxf3 Qg5 18. Qxg5 hxg5 19. Re1 cxd5 20. Bb3 Nc6 21. c3 Rae8 22. Rfe3 Rxe3 23. Rxe3 Rb8 24. Bxd5 Kf8 25. Rf3 Nd8 26. Rh3 Ke7 27. Rh8 b6 28. Rg8 Kf6 29. Re8 a5 30. g4 Rc8 31. Kf2 b5 32. Ke3 b4 33. axb4 axb4 34. cxb4 Rb8 35. b3 Rb5 36. Bc4 Rb8 37. b5 g6 38. Ke4 Kg7 39. Kd5 f5 40. Kxd6 Nb7+ 41. Ke7 Rxe8+ 42. Kxe8 Nd6+ 43. Ke7 Nxc4 44. bxc4 f4 45. b6 f3 46. b7 f2 47. b8Q f1Q 48. Qe5+ Kg8 49. Qf6 Qd3 50. Qe6+ Kg7 51. Qe5+ Kg8 52. c5 Qa3 53. Qd6 Kh7 54. Ke8 Qa8+ 55. Qd8 Qf3 56. c6 Kh6 57. Qd6 Qe4+ 58. Kd8 Qc2 59. c7 Qa2 60. Qf8+ Kh7 61. Qe7+ Kh6 62. h4 Qd5+ 63. Ke8 Qc6+ 64. Qd7 Qe4+ 65. Kd8 1-0

[Event "Budapest-chT1 Lilienthal 1112"]
[Site "Budapest"]
[Date "2012.04.29"]
[Round "11"]
[White "Rinyu, Janos"]
[Black "Novaky, Csaba"]
[Result "0-1"]
[WhiteElo "2004"]
[BlackElo "2091"]
[PlyCount "87"]
[EventDate "2011.10.02"]
[EventType "team-tourn"]
[EventRounds "11"]
[EventCountry "HUN"]
[SourceTitle "EXT 2020"]
[Source "ChessBase"]
[SourceDate "2019.10.17"]
[SourceVersion "1"]
[SourceVersionDate "2019.10.17"]
[SourceQuality "1"]
[WhiteTeam "Budapest Ujpest KSE"]
[BlackTeam "Budapest EAC III"]
[WhiteTeamCountry "HUN"]
[BlackTeamCountry "HUN"]

1. d4 Nf6 2. Bg5 Ne4 3. Bf4 d5 4. f3 Nf6 5. Nc3 c5 6. dxc5 d4 7. Na4 Qa5+ 8. c3 Bd7 9. Qb3 Qxa4 10. Qxb7 Qc6 11. Qb4 Nd5 12. Qxd4 Nxf4 13. Qxf4 Qxc5 14. e4 e5 15. Qg3 Qe3+ 16. Be2 f6 17. Nh3 Bb5 18. Qf2 Qxf2+ 19. Nxf2 Bxe2 20. Kxe2 Nd7 21. Ng4 0-0-0 22. Ne3 Bc5 23. Nc4 Nb6 24. Nxb6+ Bxb6 25. Rhd1 Rxd1 26. Rxd1 Rd8 27. Rd5 Rxd5 28. exd5 Kd7 29. b4 Kd6 30. c4 f5 31. Kd3 Bd8 32. g4 g6 33. h3 h5 34. Ke3 Bg5+ 35. Kd3 Bc1 36. Kc2 Ba3 37. gxh5 gxh5 38. Kc3 h4 39. Kb3 e4 40. fxe4 fxe4 41. Kc3 Ke5 42. d6 Ke6 43. Kd4 Bxb4 44. Kxe4 0-1

[Event "HUN-chT2 Breyer 1112"]
[Site "Hungary"]
[Date "2012.03.25"]
[Round "8.7"]
[White "Mervo, Jozsef"]
[Black "Novaky, Csaba"]
[Result "0-1"]
[WhiteElo "1991"]
[BlackElo "2091"]
[PlyCount "128"]
[EventDate "2011.09.25"]
[EventType "team-tourn"]
[EventRounds "11"]
[EventCountry "HUN"]
[SourceTitle "EXT 2013"]
[Source "ChessBase"]
[SourceDate "2012.11.22"]
[SourceVersion "1"]
[SourceVersionDate "2012.11.22"]
[SourceQuality "1"]
[WhiteTeam "Zsambek"]
[BlackTeam "BEAC II"]
[WhiteTeamCountry "HUN"]
[BlackTeamCountry "HUN"]

1. d4 Nf6 2. c4 e5 3. dxe5 Ng4 4. e3 Nxe5 5. Nc3 Nbc6 6. f4 Ng6 7. a3 a5 8. Bd3 Bc5 9. Qh5 Qh4+ 10. Qxh4 Nxh4 11. g3 Ng6 12. Nd5 Kd8 13. Nf3 f6 14. Bd2 Nge7 15. 0-0-0 d6 16. h3 Be6 17. e4 Nd4 18. Nxd4 Bxd4 19. Nxe7 Kxe7 20. g4 Ra6 21. Kc2 a4 22. Bc3 Bxc3 23. Kxc3 Rc6 24. Kd4 Rb6 25. Rd2 Rb3 26. Rc1 c5+ 27. Ke3 b5 28. f5 Bxc4 29. Rc3 Rxc3 30. bxc3 Bxd3 31. Kxd3 h5 32. Rg2 hxg4 33. hxg4 Rh3+ 34. Kd2 c4 35. g5 Kf7 36. g6+ Ke7 37. Re2 Kd7 38. Kc2 Rh4 39. Kb2 Rf4 40. Rh2 Rxe4 41. Rh7 Re7 42. Rh8 Re5 43. Rg8 Rxf5 44. Rxg7+ Ke6 45. Rb7 Rg5 46. g7 f5 47. Rxb5 Rxg7 48. Rb4 d5 49. Rxa4 f4 50. Kc2 Kf5 51. Ra8 Rg2+ 52. Kd1 Ke4 53. Ke1 Ra2 54. Re8+ Kd3 55. Re5 Kxc3 56. Rxd5 f3 57. Rf5 f2+ 58. Kf1 Kb3 59. Rf3+ c3 60. Rf8 c2 61. Rb8+ Kxa3 62. Ra8+ Kb2 63. Rb8+ Ka1 64. Rc8 Kb1 0-1

[Event "Budapest-chT1 Lilienthal 1112"]
[Site "Budapest"]
[Date "2012.02.26"]
[Round "8"]
[White "Letay, Gyula"]
[Black "Novaky, Csaba"]
[Result "0-1"]
[WhiteElo "2028"]
[BlackElo "2091"]
[PlyCount "120"]
[EventDate "2011.10.02"]
[EventType "team-tourn"]
[EventRounds "11"]
[EventCountry "HUN"]
[SourceTitle "EXT 2020"]
[Source "ChessBase"]
[SourceDate "2019.10.17"]
[SourceVersion "1"]
[SourceVersionDate "2019.10.17"]
[SourceQuality "1"]
[WhiteTeam "Budapest Vasas II"]
[BlackTeam "Budapest EAC III"]
[WhiteTeamCountry "HUN"]
[BlackTeamCountry "HUN"]

1. e4 e5 2. Nf3 Nc6 3. Bc4 Bc5 4. c3 Nf6 5. d3 d6 6. b4 Bb6 7. h3 0-0 8. a4 a5 9. b5 Ne7 10. 0-0 Ng6 11. Bb3 c6 12. Qe2 Nh5 13. d4 Nhf4 14. Bxf4 Nxf4 15. Qe3 Be6 16. Bxe6 fxe6 17. Nbd2 cxb5 18. axb5 Rc8 19. Kh2 Kh8 20. g3 Ng6 21. Qd3 Qc7 22. Ra3 d5 23. h4 exd4 24. cxd4 Qc2 25. Qe3 dxe4 26. Nxe4 e5 27. Rc3 Rxc3 28. Nxc3 exd4 29. Nxd4 Bxd4 30. Qxd4 Qf5 31. Qd5 Qxd5 32. Nxd5 Rf5 33. Nc3 Rc5 34. Rd1 Kg8 35. Rd8+ Kf7 36. Ne4 Re5 37. Ng5+ Ke7 38. Rg8 Rxb5 39. Rxg7+ Ke8 40. Nxh7 Ne7 41. Nf6+ Kf8 42. Rg4 Rf5 43. Ne4 b5 44. Nd6 Rd5 45. Rf4+ Kg8 46. Rf6 a4 47. Ne4 Re5 48. Nc3 Rc5 49. Ne4 Rc6 50. Rf4 Nd5 51. Rf5 Nc7 52. g4 a3 53. Nd2 a2 54. Nb3 Rc3 55. Rg5+ Kf7 56. Rf5+ Ke7 57. Na1 Rc1 58. g5 Rxa1 59. g6 Re1 60. Rf7+ Kd6 0-1

[Event "Budapest-chT1 Lilienthal 1112"]
[Site "Budapest"]
[Date "2011.11.20"]
[Round "3"]
[White "Novaky, Csaba"]
[Black "Bodi, Tibor"]
[Result "1/2-1/2"]
[WhiteElo "2091"]
[BlackElo "2101"]
[PlyCount "54"]
[EventDate "2011.10.02"]
[EventType "team-tourn"]
[EventRounds "11"]
[EventCountry "HUN"]
[SourceTitle "EXT 2020"]
[Source "ChessBase"]
[SourceDate "2019.10.17"]
[SourceVersion "1"]
[SourceVersionDate "2019.10.17"]
[SourceQuality "1"]
[WhiteTeam "Budapest EAC III"]
[BlackTeam "REAC SISE"]
[WhiteTeamCountry "HUN"]
[BlackTeamCountry "HUN"]

1. e4 Nf6 2. Nc3 d5 3. exd5 Nxd5 4. Bc4 Nb6 5. Bb3 Nc6 6. Nf3 Bf5 7. d4 e6 8. 0-0 Be7 9. d5 exd5 10. Nxd5 0-0 11. Nxe7+ Nxe7 12. Bg5 Qxd1 13. Raxd1 Ng6 14. a4 c5 15. a5 c4 16. axb6 cxb3 17. cxb3 axb6 18. Rd6 Ra2 19. Bc1 b5 20. Rd5 Be4 21. Rxb5 Bd3 22. Rxb7 Bxf1 23. Kxf1 Rc8 24. Be3 Rxb2 25. b4 f6 26. g3 Rbc2 27. Bc5 R8xc5 1/2-1/2